| 000 | 01382nam a2200349Ia 4500 | ||
|---|---|---|---|
| 001 | ebr10187169 | ||
| 003 | CaPaEBR | ||
| 006 | m u | ||
| 007 | cr cn||||||||| | ||
| 008 | 010529s2001 caua sb 001 0 eng d | ||
| 010 | _z 00109117 | ||
| 020 | _z9780126906479 | ||
| 020 | _z0126906475 | ||
| 040 |
_aCaPaEBR _cCaPaEBR |
||
| 035 | _a(OCoLC)162128794 | ||
| 050 | 1 | 4 |
_aQL365.4.A1 _bE36 2001eb |
| 082 | 0 | 4 |
_a592.176097 _221 |
| 245 | 0 | 0 |
_aEcology and classification of North American freshwater invertebrates _h[electronic resource] / _cedited by James H. Thorp and Alan P. Covich. |
| 250 | _a2nd ed. | ||
| 260 |
_aSan Diego : _bAcademic Press, _cc2001. |
||
| 300 |
_axvi, 1056 p. : _bill. |
||
| 500 | _aPrevious ed.: c1991. | ||
| 504 | _aIncludes bibliographical references and indexes. | ||
| 533 |
_aElectronic reproduction. _bPalo Alto, Calif. : _cebrary, _d2009. _nAvailable via World Wide Web. _nAccess may be limited to ebrary affiliated libraries. |
||
| 650 | 0 |
_aFreshwater invertebrates _xEcology _zNorth America. |
|
| 650 | 0 |
_aFreshwater invertebrates _zNorth America _vClassification. |
|
| 655 | 7 |
_aElectronic books. _2local |
|
| 700 | 1 | _aThorp, James H. | |
| 700 | 1 | _aCovich, Alan P. | |
| 710 | 2 | _aebrary, Inc. | |
| 856 | 4 | 0 |
_uhttp://site.ebrary.com/lib/rucke/Doc?id=10187169 _zAn electronic book accessible through the World Wide Web; click to view |
| 999 |
_c147983 _d147983 |
||